Statistics for Top 20 Most Streamed Albums of All Time

Click here to take the quiz!

General Stats

  • This quiz has been taken 10 times
  • The average score is 6 of 19

Answer Stats

HintAnswer% Correct
XXXTENTACION | 10,594,106,423 Streams?
100%
Ed Sheeran | 14,678,441,820 StreamsDivide
60%
Olivia Rodrigo | 12,087,061,972 StreamsSour
50%
The Weeknd | 12,154,889,438 StreamsAfter Hours
40%
Dua Lipa | 12,124,004,103 StreamsFuture Nostalgia
40%
Drake | 9,998,264,706 StreamsScorpion
40%
Drake | 9,499,509,283 StreamsViews
40%
Billie Eilish | 10,883,155,817 StreamsWHEN WE ALL FALL ASLEEP, WHERE DO WE GO?
40%
Post Malone | 11,674,322,986 StreamsBeerbongs and Bentley’s
30%
Taylor Swift | 9,987,104,338 StreamsLover
30%
The Weeknd | 13,847,687,298 StreamsStarboy
30%
Bad Bunny | 16,214,242,191 StreamsUn Verano Sin Ti
30%
Ed Sheeran | 10,566,189,661 StreamsX
30%
Dua Lipa | 12,171,031,329 StreamsDua Lipa
20%
Post Malone | 12,522,040,920 StreamsHollywood’s Bleeding
20%
The Weeknd | 9,205,345,762 StreamsBeauty Behind the Madness
10%
Billie Eilish | 9,208,184,248 Streamsdon’t smile at me
10%
Justin Bieber | 10,039,528,668 StreamsPurpose
10%
Bad Bunny | 9,660,849,440 StreamsYHLQMDLG
10%

Score Distribution

Percentile by Number Answered

Percent of People with Each Score

Your Score History

You have not taken this quiz